LDR 00943naa#a2200181#i#450# 001 RU\INFRA-M\bibl\116505 005 20260629154946.1 011 ## _a2500-0543 100 ## _a20260401b2026####ek#y0rusy0150####ca 102 ## _aRU 200 1# _aК вопросу о способах выявления особенностей межличностных отношений у сотрудников органов внутренних дел Российской Федерации _eЖурнальная статья 210 1# _aМосква _cОбщество с ограниченной ответственностью «Научно-издательский центр ИНФРА-М» _d2026 215 ## _a9 с. 608 ## _aЖурнальная статья _2local 675 ## _aПсихология. 159.9 _z 700 #1 _aРеуцкая _gИрина Евгеньевна 700 #1 _aЖевагин _gАндрей Александрович 856 4# _anaukaru.ru _u